000 00896cam a2200253 a 4500
001 000005465
005 20200929151703.0
008 950626s1994 sp b 001 p spa
020 _a8437612640
040 _aDO-SdBNP
_cDLC
082 _a861.3
_bT193p
100 1 _aTarsis y Peralta, Juan de,
_cconde de Villamediana,
_d1580-1622.
_915521
245 1 0 _aPoesía inédita completa /
_cconde de Villamediana ; edición de José Francisco Ruiz Casanova.
260 _aMadrid :
_bCátedra,
_c1994.
300 _a468 p. ;
_c18 cm.
490 1 _aLetras hispánicas
_v381
504 _aIncluye referencias bibliográficas (p. 53-62) e índice
650 4 _aPoesía española
_xColecciones
_93395
650 4 _aLiteratura española
_9632
700 1 _aRuiz Casanova, José Francisco,
_eed.
_98161
830 0 _aLetras hispánicas ;
_v381
_94208
910 _aCatalogación por copia / LC
910 _aWM
999 _c5264
_d5264